キングオブコント歴代得点ランキング - Statistics

General Stats
  • This quiz has been taken 28 times
  • The average score is 13 of 21
Answer Stats
順位 得点 ネタ名 放送回 ステージ コンビ名 % Correct
3位 486点 火事 第14回 ファースト 空気階段
83%
11位 478点 告白の練習 第10回 ファイナル かまいたち
83%
1位 491点 白い靴下 第6回 セカンド かもめんたる
78%
2位 487点 帰省 第5回 セカンド バイきんぐ
78%
4位 483点 教習所 第5回 ファースト バイきんぐ
78%
5位 482点 RULE 第16回 ファースト サルゴリラ
74%
5位 482点 青春 第16回 ファイナル サルゴリラ
74%
11位 478点 試着室 第8回 ファースト ロッチ
74%
14位 477点 野次ワクチン 第13回 ファースト ジャルジャル
74%
10位 480点 農夫と神様 第12回 ファースト どぶろっく
70%
5位 482点 朝礼 第1回 ファースト バナナマン
65%
19位 475点 花屋 第17回 ファースト ロングコートダディ
65%
19位 475点 第17回 ファースト ラブレターズ
65%
15位 476点 旅行 第2回 セカンド 東京03
65%
11位 478点 監禁 第11回 ファースト チョコレートプラネット
57%
5位 482点 ぴったり 第15回 ファイナル ビスケットブラザーズ
52%
9位 481点 野犬 第15回 ファースト ビスケットブラザーズ
52%
15位 476点 毒舌散歩 第17回 ファースト ファイヤーサンダー
52%
15位 476点 この気もちはなんだろう 第14回 ファースト ザ・マミィ
39%
15位 476点 オフィス 第16回 ファイナル カゲヤマ
30%
19位 475点 学校 第6回 セカンド 鬼ヶ島
26%
No matching quizzes found
Score Distribution
Percent of People with Each Score
Percentile by Number Answered
Your Score History
You have not taken this quiz